000 00787cab a2200241 4500
001 WB3321-21
008 090401t1997 xxu||||| |||| 00| 0 eng d
035 _a(Sirsi) u78575
041 _aeng
245 _aSocial housing allocation forces protest
260 _c1997
350 _a0
490 _aTimes
_v27 May 1997, 9(1)
520 _aA quarter of homes on a new suburban estate in Sutton Coldfield are to be set aside to provide social housing for ethnic minorities and the poor. Residents are concerned that the move will blight their properties.
650 _aBIRMINGHAM CITY COUNCIL
650 _aETHNIC MINORITIES
650 _aPROPERTY BLIGHT
650 _aSOCIAL HOUSING
650 _aSUTTON COLDFIELD
690 _aHOUSING
942 _n0
948 _c28/05/1997
999 _c49417
_d49417